Loading...
| Science - Biology | 0 | 4 | 1 | 1 | 35 | 29 | 72.75 | 0 | 1 | 13.05 | 20.50 |
| Science - Chemistry | 0 | 4 | 1 | 2 | 35 | 89 | 103.75 | 0 | 0 | 4.50 | 11.94 |
| Science - Other | 0 | 4 | 1 | 0 | 35 | 80 | 95.25 | 0 | 2 | 9.35 | 29.83 |
| Social Science | 0 | 2 | 0 | 0 | 20 | 65 | 78.00 | 0 | 0 | 6.97 | 10.00 |
| Current Events | 0 | 1 | 0 | 1 | 10 | 119 | 119.00 | 0 | 0 | 2.58 | 5.56 |
| Science - Physics | 0 | 2 | 2 | 0 | 10 | 43 | 74.50 | 0 | 1 | 8.07 | 12.33 |
| Religion | 0 | 1 | 0 | 1 | 10 | 105 | 105.00 | 0 | 0 | 0.00 | 0.83 |
| Fine Arts - Other | 0 | 1 | 0 | 0 | 10 | 120 | 120.00 | 0 | 0 | 1.04 | 3.33 |
| Literature - European | 0 | 1 | 0 | 1 | 10 | 152 | 152.00 | 0 | 0 | 0.00 | 1.11 |
| Popular Culture | 0 | 1 | 0 | 0 | 10 | 104 | 104.00 | 0 | 0 | 9.09 | 23.33 |
| Fine Arts - Painting and Sculpture | 0 | 0 | 0 | 0 | 0 | 0.00 | 0 | 0 | 0.00 | 0.00 |